01017cam a22002895a 45000010009000000050017000090080041000260100015000670200018000820200015001000400060001150820021001751000026001962450060002222600052002823000043003345000024003775040031004015900017004326500041004496510010004906530023005006550024005239420021005479990017005689520142005851596281520201128021200.0091027s2009 enkdk frb f001 0 eng d a2009279356 a9780521193955 a0521193958 aBTCTAbeng cBTCTAdYDXCPdBWKdSUCdBWXdDLCdEG-ScBUE04a621.382222bLAP1 aLapidoth, Amos93724812aA foundation in digital communication /cAmos Lapidoth. aCambridge :bCambridge University Press,c2009. axxv, 723 p. :bcharts, forms ;c26 cm. aIndex : p. 711-723. aBibliography : p. 697-701. amenna elemam 0a Digital communications912602BUEsh 2BUEsh bENGELCcAugust2015 vreading book934232 2ddck621.382 LAP c18903d18875 00102ddc40708BaccahaMAINbMAINc1STd2015-01-19epurchaseg526.00h21291l0o621.382 LAPp000037326r2025-07-15 00:00:00v658.00yBB